Statistics for Batman Dark Knight Quotes

Click here to take the quiz!

General Stats

  • This quiz has been taken 234 times
  • The average score is 12 of 15

Answer Stats

HintAnswer% Correct
You either die a ..... or you live long enough to see yourself become the villain.hero
99%
Why so ......?serious
99%
Introduce a little anarchy. Upset the established order, and everything becomes ...... I'm an agent of ...... Oh, and you know the thing about ......? It's fair!chaos
88%
I took Gotham's white knight and I brought him down to our level. It wasn't hard. You see, madness, as you know, is like gravity. All it takes is a little .....!push
88%
I'm gonna make this ..... disappear.pencil
86%
Good evening, ladies and gentlemen. We are tonight's .........! I only have one question. Where is Harvey Dent?entertainment
85%
I believe whatever doesn't kill you, simply makes you .....stranger
85%
I ...... in Harvey Dentbelieve
83%
The night is darkest just before the ..... And I promise you, the .... is coming.dawn
80%
Because you were the best of us! He wanted to prove that even someone as ..... as you could fall.good
73%
I'm a dog chasing ...... I wouldn't know what to do with one if I caught it!cars
70%
All you care about is money. This city deserves a better class of ........ And I'm gonna give it to them!criminal
66%
Because he's the hero Gotham deserves, but not the one it needs right now. So we'll hunt him. Because he can take it. Because he's not our hero. He's a silent ......., a watchful protector. A dark knight.guardian
59%
You see, I'm a guy of simple taste. I enjoy dynamite, and gunpowder, and ........!gasoline
55%
If we don't deal with this now, soon little, uh, Gambol here won't be able to get a ...... for his grandma.nickel
47%

Score Distribution

Percentile by Number Answered

Percent of People with Each Score

Your Score History

You have not taken this quiz